Informatika v zemědělství

Význam spojenia možností výpočtovej techniky s technikou komunikačnou, ktoré prináša novú kvalitu do využitia počítačov v oblasti riadenia, administratívy, rozhodovania a i. V záujme zvýšenia efektívnosti produkčných, obchodných a riadiacich činností poľnohospodárskych podnikov je náležité využívani...

Descripción completa

Guardado en:
Detalles Bibliográficos
Autor principal: Vrana, Ivan
Formato: Capítulo de libro
Lenguaje:checo
Materias:
Etiquetas: Agregar Etiqueta
Sin Etiquetas, Sea el primero en etiquetar este registro!

MARC

LEADER 00000naa a2200000 4500
001 r040316
005 20230922112018.6
041 0 |a cze 
044 |a CZ 
245 1 0 |a Informatika v zemědělství  |c Ivan Vrana 
520 |a Význam spojenia možností výpočtovej techniky s technikou komunikačnou, ktoré prináša novú kvalitu do využitia počítačov v oblasti riadenia, administratívy, rozhodovania a i. V záujme zvýšenia efektívnosti produkčných, obchodných a riadiacich činností poľnohospodárskych podnikov je náležité využívanie týchto možností. Predstavenie výskumného zámeru "Spracovanie dát a matematické modelovanie v poľnohospodárstve", ktorým sa zaoberajú pracovníci Katedry informačního inženýrství PEF ČZU v Prahe. 
610 2 0 |a poľnohospodárstvo 
610 2 0 |a využitie počítačov 
610 2 0 |a informatika 
610 2 0 |a systémy informačné 
610 2 0 |a reengineering 
610 2 0 |a GIS 
610 2 0 |a systémy expertné 
610 2 0 |a inteligencia umelá 
100 1 |a Vrana, Ivan